Statistics for Nations by their Final Leader

Click here to take the quiz!

General Stats

  • This quiz has been taken 14 times
  • The average score is 3 of 20

Answer Stats

LeadersNations% Correct
Napoleon I/ II (disputed)French Empire
100%
Mehmed VIOttoman Empire
100%
Mikhail Sergeyevich GorbachevUnion of Soviet Socialist Republics
100%
Gaius Julius Caesar Augustus (aka Octavianus or Octavius) and Marcus Vipsanius AgrippaRoman Republic
83%
Emperor Shōwa (Hirohito)Empire of Japan
75%
Nicholas II (also spelled as Nikolai II)Russian Empire
67%
Pius XIPapal States
60%
Constantine XI Dragases PalaiologosByzantine Empire
50%
Lili'uokalaniKingdom of Hawai'i
50%
Louis Philippe I "The Citizen King"Kingdom of France
33%
Stanisław August PoniatowskiKingdom of Poland and Grand Duchy of Lithuania
33%
Li Zhongren (or Li Tsung-jen)Republic of China
33%
Pedro II "The Magnanimous"Empire of Brazil
25%
Charles IV (also Karl I; Miklós Horthy de Nagybánya as regent)Kingdom of Hungary
20%
Wilhelm IIKingdom of Prussia
20%
Louis I; the Pious; the Fair; the DebonaireKingdom of the Franks
20%
Lucius Tarquinius Superbus "Tarquin the Proud"Roman Kingdom
20%
Dil Na'odAksumite Empire
0%
Al-Ashraf Muzaffar ad-Din MusaAyyubid Dynasty
0%
George VIBritish Raj
0%
Ibrahim Khan LodiDelhi Sultanate
0%
Frederick VIDenmark-Norway
0%
Henry VI of EnglandDuchy of Aquitaine
0%
Landulf VIDuchy of Benevento
0%
Claude of FranceDuchy of Brittany
0%
John LacklandDuchy of Normandy
0%
Frederick Augustus IIIDuchy of Saxony
0%
Frederick Augustus IDuchy of Warsaw
0%
Bảo Đại (born as Nguyễn Phúc/Phước Vĩnh Thụy)Empire of Vietnam
0%
Paul Ludwig Hans Anton von Beneckendorff und von HindenburgGerman Republic
0%
Gojong (aka the Gwangmu Emperor)Joseon Korea
0%
Ferdinand VIIKingdom of Galicia
0%
Dafydd ap GruffyddKingdom of Gwynedd
0%
Henry II (1285-1291)Kingdom of Jerusalem
0%
Sri Vikrama RajasinhaKingdom of Kandy
0%
Ferdinand I (numbered here as IV)Kingdom of Naples
0%
Louis XIII/II (last from France); Isabel II (last of Spain and of this nation)Kingdom of Navarre
0%
Victor Emmanuel IIKingdom of Sardinia
0%
Anne (1702-1707)Kingdom of Scotland
0%
Ferdinand I (numbered here as III)Kingdom of Sicily
0%
SigeredKingdom of the East Saxons
0%
ArdoKingdom of the Goths
0%
Desiderius (aka Daufer or Dauferius)Kingdom of the Lombards
0%
Francis IIKingdom of the Two Sicilies
0%
GelimerKingdom of the Vandals and Alans
0%
Al-Ashraf Abu Al-Nasr Tuman bay (aka Tuman bey II)Mamluk Sultanate
0%
PuyiManchukuo
0%
Toghon Temür (aka Emperor Huizong/Shun of Yuan)Mongol Empire
0%
Teia (also Teja, Theia,Thila, Thela, and Teias)Ostrogothic Kingdom
0%
Anson JonesRepublic of Texas
0%
Ludovico Giovanni ManinRepublic of Venice
0%
Yazdegerd IIISassanid Empire
0%
Malaric (or Amalaric)Suebi Kingdom of Galicia
0%
Ghiyath al-Dīn Me’sud ibn Kaykaus (or Mesud II)Sultanate of Rûm
0%
Pōmare VTahitian Kingdom
0%
Emperor Ai (aka Emperor Zhaoxuan)Tang Empire
0%
Abu Sa'id Bahadur Khan(The) Ilkhanate
0%
Badi' al-Zaman MirzaTimurid Empire
0%
David Megas KomemnosTrapezuntine Empire
0%
Al Hassan ben Abu MuhZayyanid Kingdom of Tlemcen
0%

Score Distribution

Percentile by Number Answered

Percent of People with Each Score

Your Score History

You have not taken this quiz